00978cam a22001934a 4500020003500000040000800035082002600043100002900069245006000098260004600158300002500204520040200229650001900631650001900650650001600669650002900685650003800714650003200752 a1565491998 (pbk. : alk. paper) cDLC00a300 KUM 2005 A017 Or.1 aBruyn, Severyn Ten Haut,12aA civil republic :bbeyond capitalism and nationalism / aBloomfield, CT :bKumarian Press,cc2005. axx, 289 p. ;c23 cm. a"Envisions a new model of governance: a civil republic, which combines the human values of civil society and the market aspects of political economy, moving the world beyond conventions of capitalism and nationalism. Written for scholars and practitioners of international relations, economics, political science, business, international development, and international law"--Provided by publisher. 0aCivil society. 0aGlobalization. 0aCapitalism. 0aInternational relations. 0aInternational economic relations. 0aInternational organization.